Statistics for 1994 World Cup Trivia

Click here to take the quiz!

General Stats

  • This quiz has been taken 24 times
  • The average score is 12 of 20

Answer Stats

HintAnswer% Correct
Most Entertaining Team AwardBrazil
100%
FIFA Fair Play AwardBrazil
100%
WinnersBrazil
100%
Host CountryUnited States of America
96%
Runners-UpItaly
92%
This was the first World Cup where these many points were awarded for a winThree
92%
Fourth PlaceBulgaria
71%
Gianluca Pagliuca became the first goalkeeper to be given this in a World Cup matchRed card
71%
Third PlaceSweden
67%
Golden BallRomario
63%
Silver BallRoberto Baggio
58%
Golden Boot (6 goals)Hristo Stoichkov
46%
Bronze BallHristo Stoichkov
46%
Golden Boot (6 goals)Oleg Salenko
46%
Name of the puppy mascot, which is also the name of a football positionStriker
46%
Host stadium of the finalRose Bowl
38%
This was also the first World Cup where this rule was introducedBack-pass rule
21%
This singer famously sent a penalty wide of the posts in the opening ceremonyDiana Ross
17%
Best GoalkeeperMichel Preud'homme
17%
Best Young PlayerMarc Overmars
4%

Score Distribution

Percentile by Number Answered

Percent of People with Each Score

Your Score History

You have not taken this quiz